Mental toughness in sport : developments in theory and research (Record no. 85809)
[ view plain ]
| 000 -LEADER | |
|---|---|
| fixed length control field | 00813 a2200253 4500 |
| 003 - CONTROL NUMBER IDENTIFIER | |
| control field | CBULib |
| 005 - DATE AND TIME OF LATEST TRANSACTION | |
| control field | 20241204140024.0 |
| 008 - FIXED-LENGTH DATA ELEMENTS--GENERAL INFORMATION | |
| fixed length control field | 241204b |||||||| |||| 00| 0 eng d |
| 020 ## - INTERNATIONAL STANDARD BOOK NUMBER | |
| International Standard Book Number | 9780415572989 |
| 040 ## - CATALOGING SOURCE | |
| Language of cataloging | English |
| Transcribing agency | CBULib |
| Description conventions | rda |
| 050 ## - LIBRARY OF CONGRESS CALL NUMBER | |
| Classification number | GV 706.4 Men |
| 100 ## - MAIN ENTRY--PERSONAL NAME | |
| Personal name | Gucciardi, Daniel F. |
| 245 ## - TITLE STATEMENT | |
| Title | Mental toughness in sport : developments in theory and research |
| Statement of responsibility, etc | / by Daniel F. Gucciardi |
| 260 ## - PUBLICATION, DISTRIBUTION, ETC. (IMPRINT) | |
| Name of publisher, distributor, etc | Routledge, |
| Date of publication, distribution, etc | 2011 |
| Place of publication, distribution, etc | Oxon : |
| 300 ## - PHYSICAL DESCRIPTION | |
| Extent | vi, 257 pages : illustrations |
| 336 ## - CONTENT TYPE | |
| Source | rdacontent |
| Content type term | Text | |
| Content type code | txt |
| 337 ## - MEDIA TYPE | |
| Source | rdamedia |
| Media type term | Unmediated | |
| Media type code | n |
| 338 ## - CARRIER TYPE | |
| Source | rdacarrier |
| Carrier type term | Volume |
| Carrier type code | nc |
| 500 ## - GENERAL NOTE | |
| General note | Includes an index |
| 650 #0 - SUBJECT ADDED ENTRY--TOPICAL TERM | |
| 9 (RLIN) | 1373 |
| Topical term or geographic name as entry element | ATHLETES MENTAL HEALTH |
| 650 #0 - SUBJECT ADDED ENTRY--TOPICAL TERM | |
| 9 (RLIN) | 4086 |
| Topical term or geographic name as entry element | SPORTS PSYCHOLOGICAL ASPECTS |
| 650 #0 - SUBJECT ADDED ENTRY--TOPICAL TERM | |
| 9 (RLIN) | 1374 |
| Topical term or geographic name as entry element | ATHLETES MENTAL HEALTH HANDBOOKS |
| 942 ## - ADDED ENTRY ELEMENTS (KOHA) | |
| Source of classification or shelving scheme | |
| Koha item type | MONOGRAPH |
| Withdrawn status | Lost status | Source of classification or shelving scheme | Damaged status | Not for loan | Collection code | Permanent Location | Current Location | Shelving location | Date acquired | Source of acquisition | Total Checkouts | Full call number | Barcode | Date last seen | Price effective from | Koha item type | Copy number |
|---|---|---|---|---|---|---|---|---|---|---|---|---|---|---|---|---|---|
| CBU-Lusaka Campus | CBU- LUSAKA CAMPUS | CBU-MAIN LIBRARY, KITWE. | General Stacks | 12/04/2024 | BOOK AID INTERNATIONAL | GV 706.4 Men | 753159 | 12/04/2024 | 12/04/2024 | MONOGRAPH | |||||||
| CBU-Lusaka Campus | CBU- LUSAKA CAMPUS | CBU-MAIN LIBRARY, KITWE. | General Stacks | 12/04/2024 | BOOK AID INTERNATIONAL | GV 706.4 Men | 753158 | 12/04/2024 | 12/04/2024 | MONOGRAPH | |||||||
| Medical Library Collection | CBU-SCHOOL OF MEDICINE LIBRARY, NDOLA. | CBU-SCHOOL OF MEDICINE LIBRARY, NDOLA. | General Stacks | 02/18/2026 | Book aid International | GV 706.4 Men | 934311 | 02/18/2026 | 02/10/2026 | MONOGRAPH | 3 | ||||||
| Medical Library Collection | CBU-SCHOOL OF MEDICINE LIBRARY, NDOLA. | CBU-SCHOOL OF MEDICINE LIBRARY, NDOLA. | General Stacks | 02/18/2026 | Book aid International | GV 706.4 Men | 934312 | 02/18/2026 | 02/10/2026 | MONOGRAPH | 4 |